banner

Manual para el análisis de los movimientos / (Registro nro. 39)

000 -LEADER
fixed length control field 01588nam a22002537a 4500
003 - CONTROL NUMBER IDENTIFIER
control field AR-BaISA
005 - DATE AND TIME OF LATEST TRANSACTION
control field 20230413111303.0
007 - PHYSICAL DESCRIPTION FIXED FIELD--GENERAL INFORMATION
fixed length control field ta
008 - FIXED-LENGTH DATA ELEMENTS--GENERAL INFORMATION
fixed length control field 170323s19951996ag ad||| |||| 00| 0 spa d
020 ## - INTERNATIONAL STANDARD BOOK NUMBER
International Standard Book Number 9509238228 (Volumen I)
020 ## - INTERNATIONAL STANDARD BOOK NUMBER
International Standard Book Number 9509238260 (Volumen II)
040 ## - CATALOGING SOURCE
Transcribing agency AR-BaISA
082 04 - DEWEY DECIMAL CLASSIFICATION NUMBER
Edition number 22
Classification number 612.76 B645
100 1# - MAIN ENTRY--PERSONAL NAME
9 (RLIN) 46
Personal name Bordoli, Pablo Daniel
245 10 - TITLE STATEMENT
Title Manual para el análisis de los movimientos /
Statement of responsibility, etc. Pablo Daniel Bordoli
260 ## - PUBLICATION, DISTRIBUTION, ETC.
Place of publication, distribution, etc. Buenos Aires:
Name of publisher, distributor, etc. Centro Editor Argentino,
Date of publication, distribution, etc. 1995
300 ## - PHYSICAL DESCRIPTION
Extent 2 vol. :
Other physical details il., graf.
500 ## - GENERAL NOTE
General note Bibliografía al final de cada capítulo
505 0# - FORMATTED CONTENTS NOTE
Title VOLUMEN I:
-- Introducción a la biomecánica --
-- Cadenas cinemáticas --
-- Osteocinemática y artrocinemática --
-- Mecánica del cartílago articular --
-- Cinética --
-- Miocinética --
-- Organización de los sistemas motores --
-- Energía --
-- Estática y resistencia de materiales --
-- Estática y resistencia de materiales --
-- VOLUMEN II:
-- Columna vertebral --
-- Articulación témporo-mandibular --
-- Pasaje lumbo-sacro-ilíaco pelvis --
-- Historia del movimiento --
-- Locomoción y marcha humana --
-- Carrera Columna dorsal y tórax. Mecánica respiratoria --
-- La cadena cinemática superior --
-- Biomecánica del hombro --
-- Biomecánica del codo --
-- Biomecánica de la muñeca --
-- Biomecánica de la mano --
-- Biomecánica del pulgar --
-- La cadena cinemática inferior --
-- Biomecámica de la cadera --
-- Biomecánica de la rodilla Tobillo y pie
650 10 - SUBJECT ADDED ENTRY--TOPICAL TERM
9 (RLIN) 79
Topical term or geographic name entry element Biomecánica
650 14 - SUBJECT ADDED ENTRY--TOPICAL TERM
9 (RLIN) 56
Topical term or geographic name entry element Movimiento
650 14 - SUBJECT ADDED ENTRY--TOPICAL TERM
9 (RLIN) 50
Topical term or geographic name entry element Kinesiología
942 ## - ADDED ENTRY ELEMENTS (KOHA)
Source of classification or shelving scheme
Koha item type Libros
Existencias
Withdrawn status Lost status Source of classification or shelving scheme Damaged status Not for loan Permanent Location Current Location Date acquired Inventory number Total Checkouts Total Renewals Full call number Barcode Date last seen Date last checked out Copy number Price effective from Koha item type Checked out
          Biblioteca ISALUD. Dr. Néstor Rodríguez Campoamor Biblioteca ISALUD. Dr. Néstor Rodríguez Campoamor 2018-12-19 3174 2 12 612.76 B645 3174 2024-06-05 2024-04-26 t. 1, ej. 1 2018-12-19 Libros  
          Biblioteca ISALUD. Dr. Néstor Rodríguez Campoamor Biblioteca ISALUD. Dr. Néstor Rodríguez Campoamor 2018-12-19 3175 4 8 612.76 B645 3175 2025-05-14 2025-04-15 t. 1, ej. 2 2018-12-19 Libros  
          Biblioteca ISALUD. Dr. Néstor Rodríguez Campoamor Biblioteca ISALUD. Dr. Néstor Rodríguez Campoamor 2018-12-19 3176 4 2 612.76 B645 3176 2024-04-03 2024-03-19 t. 1, ej. 3 2018-12-19 Libros  
          Biblioteca ISALUD. Dr. Néstor Rodríguez Campoamor Biblioteca ISALUD. Dr. Néstor Rodríguez Campoamor 2018-12-19 3177 2   612.76 B645 3177 2025-10-22 2025-10-22 t. 2, ej. 1 2018-12-19 Libros 2025-10-29
          Biblioteca ISALUD. Dr. Néstor Rodríguez Campoamor Biblioteca ISALUD. Dr. Néstor Rodríguez Campoamor 2018-12-19 3178 3   612.76 B645 3178 2025-06-11 2025-05-21 t. 2, ej. 2 2018-12-19 Libros  
          Biblioteca ISALUD. Dr. Néstor Rodríguez Campoamor Biblioteca ISALUD. Dr. Néstor Rodríguez Campoamor 2018-12-19 3179 2 4 612.76 B645 3179 2024-05-14 2024-05-14 t. 2, ej. 3 2018-12-19 Libros 2024-07-01